000 00207nam a22000857a 4500
008 160713b xxu||||| |||| 00| 0 eng d
100 _92739
_a Maxwell, J.C
245 _aThe Prelude
260 _aN.Y
_b Penguin
_c1971
999 _c2381
_d2381